000 00382nam a2200145Ia 4500
008 230312s9999||||xx |||||||||||||| ||und||
020 _a81-315-0417-8
082 _a629.8
_bKIL-M
100 _aKilian;Christopher,T
245 0 _aModern control technology components and systems
260 _bDelmar
_aindia
_c2006
300 _a628
650 _aEngineering
_vAvionics
942 _cBK
999 _c12478
_d12478